Γλώσσα Β' δημοτικού : ταξίδι στον κόσμο της γλώσσας
Αποθηκεύτηκε σε:
| Κύριοι συγγραφείς: | , , |
|---|---|
| Συγγραφή απο Οργανισμό/Αρχή: | |
| Μορφή: | Βιβλίο |
| Γλώσσα: | Greek |
| Δημοσίευση: |
Αθήνα :
Ινστιτούτο Τεχνολογίας Υπολογιστών και Εκδόσεων ''Διόφαντος'',
2012.
|
| Θέματα: | |
| Ετικέτες: |
Προσθήκη ετικέτας
Δεν υπάρχουν, Καταχωρήστε ετικέτα πρώτοι!
|
MARC
| LEADER | 00000cam a2200000 a 4500 | ||
|---|---|---|---|
| 001 | 1/118103 | ||
| 008 | 190218s2012####gr | ||| |||| ||gre|| | ||
| 020 | |a 9789600624878 |q (τ.2) | ||
| 020 | |a 9789600624892 |q (τ.3) | ||
| 020 | |a 9789600624854 |q (σετ) | ||
| 040 | |a GR-MyUa |b gre |c GR-MyUa |e AACR2 | ||
| 041 | 0 | |a gre | |
| 082 | 7 | |a 372.6 |2 (23) | |
| 100 | 0 | |a Γαβριηλίδου, Ζωή. | |
| 245 | 1 | 0 | |a Γλώσσα Β' δημοτικού : |b ταξίδι στον κόσμο της γλώσσας / |c Ζωή Γαβριηλίδου, Μαρία Σφυρόερα, Λουκία Μπεζέ ; Υπουργείο Παιδείας Δια Βίου Μάθησης και Θρησκευμάτων, Ινστιτούτο Τεχνολογίας Υπολογιστών και Εκδόσεων ''Διόφαντος'' |
| 260 | |a Αθήνα : |b Ινστιτούτο Τεχνολογίας Υπολογιστών και Εκδόσεων ''Διόφαντος'', |c 2012. | ||
| 300 | |a 3 τ. : |b εικ., σχέδ. ; |c 28 εκ. | ||
| 650 | 0 | |a Textbooks |z Greece. | |
| 650 | 0 | |a Greek language. | |
| 650 | 0 | |a Greek language, Modern |x Study and teaching (Elemenatry) |z Greece. | |
| 700 | 1 | |a Σφυρόερα, Μαρία, |e aut | |
| 700 | 1 | |a Μπεζέ, Λουκία Α. |e aut | |
| 710 | 2 | |a Υπουργείο Παιδείας Δια Βίου Μάθησης και Θρησκευμάτων |b Ινστιτούτο Τεχνολογίας Υπολογιστών και Εκδόσεων ''Διόφαντος''. | |
| 852 | |a INST |b RHODES |e 20190218 |h 372.6 ΓΛΩ |p 005400040460 |q 005400040460 |t BK |v τομ.2: |y 0 | ||
| 852 | |a INST |b RHODES |e 20190218 |h 372.6 ΓΛΩ |p 005400040461 |q 005400040461 |t BK |v τομ.3: |y 0 | ||
| 853 | |a INST |b RHODES |h 372.6 ΓΛΩ | ||
| 970 | |z 18-02-2019 | ||